Stress and strain : basic concepts of continuum mechanics for geologists /

Uložené v:
Podrobná bibliografia
Hlavný autor: Means, Winthrop Diekinson
Médium: Kniha
Jazyk:English
Vydané: New York : Springer, c1976.
Vydanie:1st ed.
ISBN: (brož.)
Fyzický popis: xi, 339 s. : il. ; 24 cm.
Tagy: Pridať tag
Žiadne tagy, Buďte prvý kto otaguje tento záznam!

MARC

LEADER 00000nam a22000007a 4500
001 000522708
005 20160926151557.0
008 080422s1976 xxua e 001 0 eng d
020 |a (brož.)  |z Kčs 200,00 
040 |a SVKKK  |b slo  |c SVKKK  |e AACR2 
041 0 |a eng 
044 |a xxu  |c US 
100 1 |a Means, Winthrop Diekinson 
245 1 0 |a Stress and strain :  |b basic concepts of continuum mechanics for geologists /  |c W. D. Means. 
250 |a 1st ed. 
260 |a New York :  |b Springer,  |c c1976. 
300 |a xi, 339 s. :  |b il. ;  |c 24 cm. 
504 |a Bibliografia: s. 325-328; register 
910 |a svkkk 
998 |a BK 
090 |g SCKHL  |k Sklad Hlavná 10 suterén  |a IV.88769  |j 559213  |i 522708-10  |s Absenčne